000 01318 a2200241 4500
001 45789
005 20260407155729.0
008 260407a2003 arg spa d
003 AR-UNSa-BCEJYS
040 _aAR-UNSa-BCEJYS
_bspa
_cAR-UNSa-BCEJYS
080 _a336.5
_xGasto público. Gastos del estado
245 1 0 _aEl gasto público social en la Argentina
_pdiagnóstico y perspectivas
020 _a987-1151-02-0
264 1 _aCórdoba :
_bFundación Arcor
_c2003
300 _a198 p.
_c23 cm.
505 _a1. El rol del Estado en la política social – 2. Evolución y características del gasto público social en la Argentina – 3. Impacto distributivo del gasto público social - 3. Impacto distributivo del gasto público social – 4. La eficiencia del gasto social – 5. La descentralización del gasto público social – 6. Evaluación de programas sociales – 7. Focalización de programas sociales – 8. Economía política del gasto público social – 9. El rol de las organizaciones de la sociedad civil en las políticas públicas -
041 _aspa
942 _cBK
590 _aniveau_biblio:m niveau_hierar:0
100 1 _aBonari, Damián
700 1 _aBertranou, Evelina
856 4 1 _uhttps://www.biblioeco.unsa.edu.ar/pmb/images/libros/L127192.jpg
_yImagen de portada
_qimage/jpeg
999 _c4009
_d4009